000 00430cam a22001097a 4500
008 180718b1957 xxu||||| |||| 00| 0 eng d
082 _aU1x54 In2
245 _aAdministration problems of state enterprises in India : report
_cby Indian Institute of Public Administration, India
260 _aDelhi
_bIndian Institute of Public Administration
_c1957
300 _axiii,188p.
700 _aIndia. Indian Institute of Public Administration
999 _c501759
_d501759